000
00612nas a22001697a 4500
008
210325b th ||||| |||| 00| 0 tha d
022
_a
15130673
041
0
_a
tha
245
1
0
_a
วารสารวิจัย มหาวิทยาลัยรามคำแหง
260
3
_b
มหาวิทยาลัยรามคำแหง
310
_a
รายหกเดือน
850
_a
NALT
942
_c
JNR
997
_c
45120
999
_c
85120
_d
85120